Te conozco [juego] /

Guardado en:
Formato: Objeto Físico
Publicado: Argentina : Bontus, [200?]
Materias:
Etiquetas: Agregar Etiqueta
Sin Etiquetas, Sea el primero en etiquetar este registro!
LEADER 00821nrm a22001695g 4500
001 CEM.cems019210
008 130507b200?##################0###0#####d
005 20220923174714.0
245 0 0 |a Te conozco [juego] /  |c Bontus 
260 |a Argentina :  |b Bontus,  |c [200?] 
300 |a 1 juego(1 tablero, 5 peones, 25 tarjetas- votos, 60 tarjetas lo que harí­a, 60 tarjetas si yo fuera, 30 tarjetas soy como, 30 tarjetas serí­a capaz de) ; en caja 29 x 19 x 7 cm. + manual de instrucciones. 
500 |a Para 3 a 10 jugadores a partir de 12 años y adultos objetivo: conocerse entre los jugadores. 
082 0 4 |a J793.24 
653 |a 1. juegos y diversiones 
653 |a 2. juegos de entretenimiento general 
859 |a CEMS  |b BIB. CEMS - Ludoteca  |h J793.24  |i B644  |p 348.08  |t Ej.1 
859 |a CEMS  |b BIB. CEMS - Ludoteca  |h J793.24  |i B644  |p 464.22  |t Ej.2